000 00273nam a2200109Ia 4500
008 200302s9999 xx 000 0 und d
100 _aGroff Conklin
245 _aThe Weather Conditioned House
260 _bReinhold Publishing Corporation
260 _c1958
300 _a237 P.,
999 _c425
_d425